| 000 | 01625nam0a22002891 4500 | ||
|---|---|---|---|
| 001 | rc\2301394 | ||
| 005 | 20230607152027.0 | ||
| 035 | _a(NLR Aleph) 006504068 | ||
| 090 |
_a6261509 _c6261509 |
||
| 100 | _a20110829d1976 |||y0rusy50 ca | ||
| 101 | 0 | _arus | |
| 102 | _aRU | ||
| 105 | _ay z ||||| | ||
| 200 | 1 |
_aРасчет календарно-плановых нормативов оперативного планирования на ЭВМ "НАИРИ" _eУчеб. пособие по курсу "Организация и планирование пром. предприятий" _eДля студентов специальностей 0647, 0608, 0646 _fЮ.Н. Кузнецов, В.С. Моисеев _gПод ред. проф. Ю.В. Кожевникова _gКазан. авиац. ин-т им. А.Н. Туполева. Кафедра экономики пром-сти и организации производства. Кафедра прикл. математики |
|
| 210 |
_aКазань _cКАИ _d1976 |
||
| 215 |
_a27 с. _d20 |
||
| 320 | _aСписок лит.: с. 25-26 (14 назв.) | ||
| 606 |
_aПромышленные предприятия _xПланирование _xМатематические методы _2rkp |
||
| 700 | 1 |
_aКузнецов _bЮ. Н. _cматематик _gЮрий Николаевич _3RU\NLR\AUTH\770256838 |
|
| 701 | 1 |
_aМоисеев _bВ. С. _gВиктор Сергеевич |
|
| 702 | 1 |
_aКожевников _bЮ. В. _4340 |
|
| 801 | 0 |
_aRU _bNLR _gpsbo |
|
| 801 | 1 |
_aRU _bELAR _2rusmarc |
|
| 852 |
_aNLR _j77-4/1474 |
||
| 942 | _cBOOK | ||
| 980 | _aNB | ||